000 00492 a2200181 4500
003 OSt
005 20240208115502.0
008 240208b |||||||| |||| 00| 0 eng d
020 _a9788194987284
040 _coclc
082 _a923.8
_bPRE/W
100 _aPreetha T. S
_910425
245 _aWhite magic /
_c T. S Preetha
250 _a1st ed.
260 _aKochi:
_bDhanam Publications,
_c2023.
300 _a263p.
942 _2ddc
_cBK
_h923.8
_iPRE/W
_k923.8
_mPRE/W
999 _c44394
_d44394